| 000 | 00448nam a22001817a 4500 | ||
|---|---|---|---|
| 001 | 12984 | ||
| 005 | 20250620092857.0 | ||
| 008 | 250620b |||||||| |||| 00| 0 eng d | ||
| 020 | _a0435023365 | ||
| 040 | _aBSULIB | ||
| 082 |
_223 _a372.7 _bPRO |
||
| 100 |
_aBlair John.T, _917372 |
||
| 245 | _aProblem solving activities 3/ | ||
| 250 | _a1st ed. | ||
| 260 |
_aLondon: _bHeinemann, _c1995. |
||
| 300 |
_a52 P.: _bill.; _c23cm. |
||
| 942 |
_2ddc _cBK |
||
| 999 |
_c12984 _d12984 |
||